[Event "USCL Week 4"]
[Site "Internet Chess Club"]
[Date "2014.09.16"]
[Round "?"]
[White "Tanenbaum, Zachary"]
[Black "Proleiko, Julian"]
[Result "1-0"]
[WhiteElo "2208"]
[BlackElo "1954"]
[PlyCount "96"]
[EventDate "2014.??.??"]

1. e4 c5 2. Nf3 d6 3. d4 cxd4 4. Nxd4 Nf6 5. Nc3 g6 6. Be3 Bg7 7. f3 O-O 8. Qd2
Nc6 9. g4 Bxg4 10. fxg4 Nxg4 11. Bg1 e6 12. h4 h5 13. Nf3 Bh6 14. Qe2 Qa5 15.
Qb5 Qc7 16. Nd1 d5 17. Qe2 Rae8 18. Nf2 f5 19. Nxg4 hxg4 20. Ng5 Nb4 21. c3 Nc6
22. O-O-O dxe4 23. Bc5 Rf7 24. Kb1 Rd7 25. Rxd7 Qxd7 26. Bg2 Qd5 27. Qf2 Ne5
28. Bd4 Nf3 29. Bxf3 exf3 30. h5 Bxg5 31. hxg6 e5 32. Qh2 Kf8 33. Bc5+ Qxc5 34.
Qh7 Qd5 35. g7+ Ke7 36. g8=Q+ Kd6 37. Qxd5+ Kxd5 38. Qd7+ Ke4 39. Qxe8 g3 40.
Re1+ Be3 41. Qa4+ Kd5 42. Rxe3 e4 43. Qd4+ Ke6 44. Rxe4+ fxe4 45. Qxe4+ Kd6 46.
Qxf3 g2 47. Qxg2 b5 48. Qb7 b4 1-0

[Event "USCL Week 4"]
[Site "Internet Chess Club"]
[Date "2014.09.16"]
[Round "?"]
[White "Kovalyov, Anton"]
[Black "Orlov, Georgi"]
[Result "1-0"]
[WhiteElo "2717"]
[BlackElo "2528"]
[PlyCount "63"]
[EventDate "2014.??.??"]

1. Nf3 Nf6 2. c4 e6 3. g3 d5 4. Bg2 Be7 5. O-O O-O 6. d4 dxc4 7. Qc2 a6 8. a4
Bd7 9. Rd1 Bc6 10. Nc3 Nbd7 11. e4 b5 12. d5 exd5 13. e5 Ng4 14. Qf5 Nxf2 15.
Kxf2 Nc5 16. axb5 axb5 17. Rxa8 Bxa8 18. Nxb5 Nd3+ 19. Kf1 c6 20. Nbd4 c5 21.
Ne2 g6 22. Qh3 d4 23. Nf4 Nxc1 24. Rxc1 Qb6 25. Qd7 Qxb2 26. Re1 c3 27. Qxe7 c2
28. Qxc5 Bb7 29. Nxd4 Rc8 30. Nc6 Ba6+ 31. Kg1 Qb1 32. Qe3 1-0

[Event "USCL Week 4"]
[Site "Internet Chess Club"]
[Date "2014.09.16"]
[Round "?"]
[White "So, Wesley"]
[Black "Lenderman, Alex"]
[Result "1/2-1/2"]
[WhiteElo "2751"]
[BlackElo "2701"]
[PlyCount "91"]
[EventDate "2014.??.??"]

1. d4 Nf6 2. c4 e6 3. Nf3 d5 4. Nc3 Bb4 5. Bg5 Nbd7 6. cxd5 exd5 7. Qc2 h6 8.
Bh4 c5 9. e3 Qa5 10. Bd3 c4 11. Bf5 g6 12. Bxg6 Bxc3+ 13. bxc3 fxg6 14. Qxg6+
Kf8 15. O-O Qa6 16. Qf5 Kf7 17. Ne5+ Nxe5 18. Qxe5 Re8 19. Qf4 Kg6 20. Qg3+ Kf7
21. Qf3 Bg4 22. Qf4 Bh5 23. Qxh6 Bg6 24. f3 Qd6 25. Bg3 Qa3 26. Be5 Qxc3 27.
Rac1 Qd3 28. e4 Rxe5 29. dxe5 Qd4+ 30. Kh1 Qxe5 31. exd5 Qxd5 32. Rfe1 Rd8 33.
Qe3 Rd7 34. Qxa7 b5 35. Qb8 Rd8 36. Qf4 Qd6 37. Qg5 Rh8 38. Qe5 Qxe5 39. Rxe5
Rb8 40. Rce1 b4 41. Re7+ Kf8 42. R7e6 Kf7 43. Re7+ Kf8 44. R7e6 Kg7 45. Re7+
Kf8 46. R1e6 1/2-1/2

[Event "USCL Week 4"]
[Site "Internet Chess Club"]
[Date "2014.09.16"]
[Round "?"]
[White "Pruess, David"]
[Black "Xiong, Jeffery"]
[Result "0-1"]
[WhiteElo "2407"]
[BlackElo "2542"]
[PlyCount "84"]
[EventDate "2014.??.??"]

1. d4 Nf6 2. c4 g6 3. g3 c6 4. Bg2 d5 5. Nf3 Bg7 6. O-O O-O 7. Qb3 dxc4 8. Qxc4
Bf5 9. Qb3 Qb6 10. Qxb6 axb6 11. a3 b5 12. Bd2 Nbd7 13. Nc3 Nb6 14. Ne5 Ng4 15.
Nxg4 Bxg4 16. h3 Be6 17. e3 f5 18. Ne2 Rfd8 19. Bb4 Kf7 20. Nf4 Bc4 21. Rfd1
Na4 22. Rab1 Bb3 23. Rd2 e5 24. Ne2 Bd5 25. Bxd5+ Rxd5 26. b3 Nb6 27. Bc5 Nd7
28. Nc3 Nxc5 29. Nxd5 Ne4 30. Rc2 cxd5 31. Rc7+ Kg8 32. dxe5 Bxe5 33. Rxb7 Rxa3
34. Kg2 Ra2 35. Rc1 Bc3 36. Rxb5 Nxf2 37. Kf1 Ne4 38. Rd1 Nxg3+ 39. Kg1 Bd2 40.
Kg2 Ne4 41. Rxd5 Bxe3+ 42. Kf3 Bg5 0-1

[Event "USCL Week 4"]
[Site "Internet Chess Club"]
[Date "2014.09.16"]
[Round "?"]
[White "Sadorra, Julio"]
[Black "Naroditsky, Daniel"]
[Result "1/2-1/2"]
[WhiteElo "2685"]
[BlackElo "2675"]
[PlyCount "72"]
[EventDate "2014.??.??"]

1. d4 Nf6 2. c4 e6 3. Nc3 Bb4 4. e3 O-O 5. Nge2 c6 6. a3 Ba5 7. Ng3 d5 8. Qc2
Nbd7 9. Be2 Bc7 10. O-O h5 11. f4 h4 12. Nh1 dxc4 13. Bxc4 c5 14. dxc5 Nxc5 15.
b4 Ncd7 16. Nf2 Nb6 17. Ba2 Nbd5 18. Rd1 Bb6 19. Nce4 Nxe4 20. Nxe4 Qc7 21.
Qxc7 Nxc7 22. a4 Nd5 23. Bxd5 exd5 24. Nc3 Bg4 25. Rxd5 Rac8 26. a5 Bd8 27. Bd2
Bf6 28. Rc1 Be6 29. Rc5 Rxc5 30. bxc5 Rd8 31. Ne4 Bb2 32. Rb1 Bf5 33. Rxb2 Bxe4
34. h3 Rd5 35. Bb4 Rd1+ 36. Kf2 a6 1/2-1/2

[Event "USCL Week 4"]
[Site "Internet Chess Club"]
[Date "2014.09.16"]
[Round "?"]
[White "Paragua, Mark"]
[Black "Quang Liem, Le"]
[Result "0-1"]
[WhiteElo "2588"]
[BlackElo "2778"]
[PlyCount "100"]
[EventDate "2014.??.??"]

1. d4 Nf6 2. Bg5 d5 3. Bxf6 exf6 4. e3 Bd6 5. g3 c6 6. Bg2 Nd7 7. Ne2 h5 8. O-O
h4 9. Nd2 Nb6 10. e4 Be6 11. Re1 Kf8 12. Nc1 hxg3 13. hxg3 dxe4 14. Nxe4 Bd5
15. Nd3 g6 16. b3 f5 17. Nxd6 Qxd6 18. Ne5 Rd8 19. Bxd5 Nxd5 20. Qf3 Kg7 21.
Rad1 Rh7 22. c4 Nf6 23. c5 Qd5 24. Qxd5 Nxd5 25. Nf3 f6 26. b4 a6 27. a4 Nxb4
28. Re7+ Kh6 29. Rde1 Rd7 30. R7e6 Rhf7 31. Kg2 Kg7 32. Re8 Nd5 33. a5 g5 34.
Rb8 Rf8 35. Rxf8 Kxf8 36. Nd2 Nc3 37. Nc4 Nb5 38. Ne3 Nxd4 39. Rd1 Ke8 40. Rh1
Kf7 41. Nc4 Nb3 42. Nb6 Rd2 43. Nc4 Rc2 44. Ne3 Rxc5 45. Rh7+ Ke6 46. Rxb7 Rb5
47. Rc7 Nd4 48. Nc4 f4 49. gxf4 gxf4 50. Ra7 Rc5 0-1

[Event "USCL Week 4"]
[Site "Internet Chess Club"]
[Date "2014.09.16"]
[Round "?"]
[White "Anka, Emil"]
[Black "Stukopin, Andrey"]
[Result "0-1"]
[WhiteElo "2497"]
[BlackElo "2631"]
[PlyCount "66"]
[EventDate "2014.??.??"]

1. e4 c5 2. Nf3 Nc6 3. d4 cxd4 4. Nxd4 Nf6 5. Nc3 d6 6. Bg5 e6 7. Qd2 a6 8.
O-O-O h6 9. Be3 Bd7 10. f3 Qc7 11. Kb1 b5 12. Bd3 Be7 13. g4 b4 14. Nce2 d5 15.
Nxc6 Bxc6 16. Ng3 a5 17. Qg2 a4 18. h4 dxe4 19. Bxe4 Nxe4 20. Nxe4 b3 21. cxb3
axb3 22. a3 O-O 23. g5 h5 24. Rd3 Qe5 25. Bd4 Qb5 26. Rhd1 Rfd8 27. R3d2 Qf5
28. Rd3 Ra4 29. Ka1 e5 30. Ng3 Qg6 31. Qe2 Bxa3 32. bxa3 Rxa3+ 33. Kb2 Ra2+ 0-1

[Event "USCL Week 4"]
[Site "Internet Chess Club"]
[Date "2014.09.16"]
[Round "?"]
[White "Mateer, Amanda"]
[Black "Casella, Michael"]
[Result "0-1"]
[WhiteElo "2113"]
[BlackElo "2262"]
[PlyCount "58"]
[EventDate "2014.??.??"]

1. d4 Nf6 2. c4 g6 3. f3 Bg7 4. e4 d6 5. Nc3 O-O 6. Bg5 a6 7. Qd2 Nbd7 8. Nh3
c5 9. d5 b5 10. cxb5 Qa5 11. Nf2 Nb6 12. a4 axb5 13. Bxb5 Ba6 14. Ra3 Nc4 15.
Bxc4 Bxc4 16. Nfd1 Rfb8 17. Ne3 Ba6 18. Kf2 Ra7 19. Rb1 h6 20. Bh4 Nh5 21. Bg3
Rab7 22. Qc2 Bd4 23. f4 Qb4 24. Kf3 Bxe3 25. Kxe3 Nxg3 26. hxg3 Qd4+ 27. Kf3
Bd3 28. Qd2 Bxb1 29. Nxb1 Rxb2 0-1

[Event "USCL Week 4"]
[Site "Internet Chess Club"]
[Date "2014.09.16"]
[Round "?"]
[White "Guadalupe II, Francisco"]
[Black "Lee, Andy"]
[Result "1/2-1/2"]
[WhiteElo "2351"]
[BlackElo "2361"]
[PlyCount "100"]
[EventDate "2014.??.??"]

1. e4 e5 2. Nf3 Nc6 3. Bb5 a6 4. Ba4 Nf6 5. O-O b5 6. Bb3 Bc5 7. d3 d6 8. c3 h6
9. Nbd2 O-O 10. Re1 Bb6 11. Nf1 Ne7 12. a4 Rb8 13. h3 Ng6 14. Be3 Bxe3 15. Nxe3
Be6 16. axb5 Bxb3 17. Qxb3 axb5 18. g3 Qd7 19. Kg2 Kh7 20. Ra7 Ne7 21. Rea1 Ne8
22. Nd5 f5 23. Nxe7 Qxe7 24. Qc2 Qd7 25. d4 Qc6 26. d5 Qd7 27. exf5 Qxf5 28.
Qxf5+ Rxf5 29. Nd2 Rf7 30. Ne4 Kg6 31. R1a6 Nf6 32. Nxf6 Rxf6 33. Rxc7 Rbf8 34.
f3 Rxf3 35. Rxd6+ Kh7 36. g4 Rf2+ 37. Kg1 Rf1+ 38. Kg2 R1f2+ 39. Kg1 Rf1+ 40.
Kg2 R8f2+ 41. Kg3 Rf3+ 42. Kg2 R1f2+ 43. Kg1 Rf1+ 44. Kg2 R1f2+ 45. Kg1 Rxb2
46. Rdd7 Rg3+ 47. Kf1 Rxh3 48. Rxg7+ Kh8 49. Rh7+ Kg8 50. Rhg7+ Kh8 1/2-1/2

[Event "USCL Week 4"]
[Site "Internet Chess Club"]
[Date "2014.09.16"]
[Round "?"]
[White "Banik, Siddharth"]
[Black "Ramachandran, Karthik"]
[Result "1-0"]
[WhiteElo "2236"]
[BlackElo "2257"]
[PlyCount "115"]
[EventDate "2014.??.??"]

1. e4 c6 2. d4 d5 3. e5 Bf5 4. h4 Qb6 5. Ne2 e6 6. Ng3 Ne7 7. Na3 a6 8. c3 c5
9. Qa4+ Nec6 10. Nxf5 exf5 11. Nc2 cxd4 12. Nxd4 Nd7 13. Be2 Nxd4 14. cxd4 Bb4+
15. Kf1 O-O-O 16. Rh3 Qxd4 17. Bg5 Qxb2 18. Qd1 Qxe5 19. Rc1+ Bc5 20. Bxd8 Rxd8
21. Qa4 Qd6 22. Rd3 Qh2 23. Rh3 Qd6 24. Kg1 Kb8 25. Rb3 Ka7 26. Rcb1 Bb6 27.
R3b2 Rc8 28. Bf3 Rc4 29. Qb3 Rxh4 30. Qxd5 Qxd5 31. Bxd5 Rd4 32. Bxf7 Rd6 33.
Bh5 g5 34. Rd1 Rxd1+ 35. Bxd1 Nf6 36. Kf1 h5 37. Bc2 f4 38. Rb4 Ng4 39. Bg6 h4
40. Bf5 Nf6 41. Be6 Bc5 42. Rb2 g4 43. Rc2 Kb6 44. Re2 f3 45. gxf3 gxf3 46. Re5
Bd4 47. Re1 Kc5 48. Bc8 b6 49. Rc1+ Kd6 50. Bb7 Ng4 51. Rc2 Nxf2 52. Rxf2 Bxf2
53. Kxf2 a5 54. Ba6 a4 55. Bb5 a3 56. Kxf3 Kc5 57. Ba4 b5 58. Bb3 1-0

[Event "USCL Week 4"]
[Site "Internet Chess Club"]
[Date "2014.09.16"]
[Round "?"]
[White "Golub, David"]
[Black "Guerrero, Alejandra"]
[Result "1-0"]
[WhiteElo "2270"]
[BlackElo "2110"]
[PlyCount "93"]
[EventDate "2014.??.??"]

1. Nf3 c5 2. e4 g6 3. d4 cxd4 4. Nxd4 Bg7 5. Nc3 Nc6 6. Be3 Nf6 7. Bc4 O-O 8.
Bb3 Qa5 9. f3 b5 10. Ndxb5 Ba6 11. Nd4 Ne5 12. Qd2 Rab8 13. Rd1 Rfc8 14. Kf2
Nc4 15. Bxc4 Bxc4 16. Nb3 Bxb3 17. axb3 Rb7 18. Rhe1 d6 19. Kg1 Qh5 20. Ra1 a5
21. Bd4 Bh6 22. Be3 Bg7 23. Ne2 Rb4 24. Nf4 Qb5 25. Nd3 Nd7 26. c4 Qb7 27. Nxb4
Qxb4 28. Qxb4 axb4 29. Ra7 Nc5 30. Bxc5 dxc5 31. e5 f6 32. Rxe7 fxe5 33. Rd1
Bf6 34. Ra7 e4 35. Rda1 exf3 36. gxf3 Bxb2 37. Ra8 Rxa8 38. Rxa8+ Kg7 39. Ra7+
Kh6 40. f4 Bc1 41. Rf7 Kh5 42. Kg2 h6 43. Kg3 Be3 44. h3 Bd4 45. Rd7 Be3 46.
Rd3 g5 47. Rxe3 1-0

[Event "USCL Week 4"]
[Site "Internet Chess Club"]
[Date "2014.09.16"]
[Round "?"]
[White "Nemcova, Katerina"]
[Black "Feng, Roland"]
[Result "1/2-1/2"]
[WhiteElo "2362"]
[BlackElo "2305"]
[PlyCount "112"]
[EventDate "2014.??.??"]

1. e4 e6 2. d4 d5 3. Nc3 dxe4 4. Nxe4 Nd7 5. Nf3 Ngf6 6. Nxf6+ Nxf6 7. Bg5 Be7
8. Bc4 O-O 9. O-O b6 10. Qe2 Bb7 11. Rad1 h6 12. Bc1 Bd6 13. Ne5 Qe7 14. c3 c5
15. Rd3 Be4 16. Rg3 Kh7 17. Rh3 Bf5 18. g4 Bxe5 19. dxe5 Nxg4 20. Rg3 h5 21. h3
Nh6 22. Qxh5 Rh8 23. Kh2 Bg6 24. Rfg1 Kg8 25. Rxg6 fxg6 26. Qxg6 Kf8 27. Bxe6
Qc7 28. Bf4 Rd8 29. Rg3 Qb7 30. Bb3 b5 31. e6 c4 32. Bc2 Ng8 33. Be4 Qe7 34.
Be5 Nf6 35. Bxf6 gxf6 36. Rf3 Qc7+ 37. Kg2 Rg8 38. Rxf6+ Ke7 39. Rf7+ Kd6 40.
Rxc7 Kxc7 41. Kf3 Rxg6 42. Bxg6 Rf8+ 43. Bf7 Kd6 44. h4 a5 45. Ke4 Ke7 46. Kd5
Rd8+ 47. Kc5 Rd2 48. Kxb5 Rxb2+ 49. Kxa5 Rxa2+ 50. Kb4 Rxf2 51. h5 Rf4 52. Kc5
Rh4 53. Kd5 Rg4 54. Kc5 Rh4 55. Kd5 Rg4 56. Kc5 Rh4 1/2-1/2

[Event "USCL Week 4"]
[Site "Internet Chess Club"]
[Date "2014.09.16"]
[Round "?"]
[White "Khachiyan, Melikset"]
[Black "Molner, Mackenzie"]
[Result "0-1"]
[WhiteElo "2633"]
[BlackElo "2581"]
[PlyCount "88"]
[EventDate "2014.??.??"]

1. d4 Nf6 2. c4 e6 3. Nc3 Bb4 4. e3 O-O 5. Nge2 c6 6. a3 Ba5 7. b4 Bc7 8. e4 d5
9. e5 Ne8 10. c5 a5 11. Be3 f6 12. f4 g5 13. g3 gxf4 14. gxf4 Ng7 15. Bg2 fxe5
16. dxe5 Nf5 17. Bf2 axb4 18. axb4 Rxa1 19. Qxa1 b6 20. O-O Ba6 21. Rd1 bxc5
22. bxc5 Qe8 23. Bf3 Kh8 24. Kh1 Bc4 25. Qa7 Na6 26. Ra1 Qc8 27. Na4 Qb8 28.
Qxb8 Rxb8 29. Nb6 Bxe2 30. Bxe2 Nxc5 31. Nxd5 Nb3 32. Ra7 Bxe5 33. fxe5 cxd5
34. Bd3 Nbd4 35. Bxd4 Nxd4 36. Rxh7+ Kg8 37. Rh3 Nc6 38. Re3 Rb2 39. Be2 Kf7
40. h4 Rb4 41. h5 Rh4+ 42. Kg2 d4 43. Kg3 dxe3 44. Kxh4 Nd4 0-1

[Event "USCL Week 4"]
[Site "Internet Chess Club"]
[Date "2014.09.16"]
[Round "?"]
[White "Sharevich, Anna"]
[Black "Harris, Ian"]
[Result "0-1"]
[WhiteElo "2367"]
[BlackElo "2308"]
[PlyCount "66"]
[EventDate "2014.??.??"]

1. d4 f5 2. Nf3 Nf6 3. c4 e6 4. Nc3 Bb4 5. Qb3 Nc6 6. a3 Bxc3+ 7. Qxc3 O-O 8.
b4 b6 9. Bb2 Bb7 10. e3 Ne7 11. Bd3 Qe8 12. Rg1 d6 13. Nd2 Qh5 14. h3 Ne4 15.
Bxe4 fxe4 16. d5 Qf7 17. O-O-O exd5 18. f3 Nf5 19. fxe4 Ng3 20. Rde1 dxc4 21.
e5 dxe5 22. Qxe5 Qg6 23. Qc3 b5 24. e4 Rae8 25. e5 Re6 26. Qe3 Rd8 27. Nf3 c3
28. Ba1 Rd3 29. Qg5 Bxf3 30. Qxg6 Rxg6 31. Kc2 Be2 32. Rxe2 Nxe2 33. Re1 Rd2+
0-1

[Event "USCL Week 4"]
[Site "Internet Chess Club"]
[Date "2014.09.16"]
[Round "?"]
[White "Ginsburg, Mark"]
[Black "Remlinger, Larry"]
[Result "1-0"]
[WhiteElo "2397"]
[BlackElo "2375"]
[PlyCount "119"]
[EventDate "2014.??.??"]

1. Nf3 Nf6 2. c4 g6 3. Nc3 d5 4. cxd5 Nxd5 5. Qb3 Nb6 6. d4 Bg7 7. Bf4 O-O 8.
Rd1 a5 9. e4 Bg4 10. Be2 Bxf3 11. gxf3 Nc6 12. Nb5 a4 13. Qc2 Rc8 14. d5 Ne5
15. Be3 Qd7 16. f4 Nf3+ 17. Bxf3 Qxb5 18. b3 c6 19. Qc5 Na8 20. Qxb5 cxb5 21.
e5 Nc7 22. O-O g5 23. Kh1 gxf4 24. Bxf4 Rcd8 25. Rg1 Kh8 26. Rg3 Rg8 27. Rh3 e6
28. Be4 h6 29. Bxh6 Bxh6 30. Rxh6+ Kg7 31. Rh7+ Kf8 32. d6 axb3 33. axb3 Na6
34. Rc1 b6 35. b4 Rg7 36. Rh8+ Rg8 37. Rxg8+ Kxg8 38. f4 Nxb4 39. Rb1 Na2 40.
Rxb5 Nc3 41. Rb4 Nxe4 42. Rxe4 Kf8 43. Kg2 b5 44. Kf3 Rb8 45. Rb4 Ke8 46. Ke4
Kd7 47. Kd4 Kc6 48. Rb2 Rh8 49. Rc2+ Kb6 50. h4 b4 51. h5 Kb5 52. Rc7 b3 53.
Kc3 Rxh5 54. d7 Rh3+ 55. Kd2 Rh2+ 56. Ke3 Rh3+ 57. Ke4 b2 58. Rb7+ Kc6 59.
d8=N+ Kc5 60. Rxb2 1-0

[Event "USCL Week 4"]
[Site "Internet Chess Club"]
[Date "2014.09.16"]
[Round "?"]
[White "Korba, Nicky"]
[Black "Atoufi, Pedram"]
[Result "1-0"]
[WhiteElo "2261"]
[BlackElo "2355"]
[PlyCount "151"]
[EventDate "2014.??.??"]

1. e4 d6 2. d4 Nf6 3. Nc3 e5 4. Nf3 Nbd7 5. Bc4 Be7 6. O-O Nb6 7. Be2 exd4 8.
Nxd4 O-O 9. a4 a5 10. Bf3 c6 11. b3 d5 12. e5 Nfd7 13. Bf4 Bg5 14. Bg3 Nc5 15.
Be2 Ne4 16. Nxe4 dxe4 17. f4 exf3 18. Nxf3 Be3+ 19. Kh1 Qxd1 20. Raxd1 Bg4 21.
h3 Bh5 22. c4 Rfe8 23. Bd3 Bc5 24. Bc2 Rad8 25. Bh4 Rxd1 26. Rxd1 h6 27. g4 Bg6
28. Bxg6 fxg6 29. Bd8 Kf7 30. Kg2 g5 31. Bc7 Ke7 32. Ne1 Rc8 33. Nd3 Rxc7 34.
Nxc5 Nd7 35. Nd3 Nf8 36. Kf3 Rd7 37. Ke4 Ne6 38. Rb1 b6 39. Rh1 g6 40. Ke3 Nd4
41. Rb1 c5 42. Rh1 Ke6 43. h4 Rf7 44. hxg5 Rf3+ 45. Ke4 hxg5 46. Rh6 Kf7 47.
Rh7+ Ke8 48. Rb7 Rg3 49. Rxb6 Rxg4+ 50. Kd5 Nf5 51. Nxc5 Rh4 52. Rb8+ Ke7 53.
Rb7+ Ke8 54. Rb8+ Ke7 55. Rg8 Rd4+ 56. Kc6 Kf7 57. Rb8 g4 58. e6+ Ke7 59. Rb7+
Ke8 60. Rb8+ Ke7 61. Rb7+ Ke8 62. Rd7 Rf4 63. Nd3 Re4 64. Nc5 Rf4 65. b4 g3 66.
b5 g2 67. b6 g1=Q 68. b7 Ne7+ 69. Rxe7+ Kxe7 70. b8=Q Qg2+ 71. Kc7 Rf8 72. Qb6
Qh2+ 73. Kc6 Qd6+ 74. Kb5 Rb8 75. Nb7 Kxe6 76. Qxd6+ 1-0

[Event "USCL Week 4"]
[Site "Internet Chess Club"]
[Date "2014.09.17"]
[Round "?"]
[White "Mandizha, Farai"]
[Black "Herman, Matt"]
[Result "1/2-1/2"]
[WhiteElo "2478"]
[BlackElo "2439"]
[PlyCount "47"]
[EventDate "2014.??.??"]

1. d4 Nf6 2. Nf3 g6 3. Nc3 d5 4. Bf4 Bg7 5. e3 O-O 6. Be2 Bg4 7. h3 Bxf3 8.
Bxf3 c6 9. Qd2 Re8 10. O-O Nbd7 11. Rad1 Qc8 12. e4 dxe4 13. Nxe4 Nxe4 14. Bxe4
e5 15. dxe5 Nxe5 16. Bxe5 Bxe5 17. b3 Qc7 18. Bf3 Rad8 19. Qb4 Bh2+ 20. Kh1 Bd6
21. Qc4 Qe7 22. g3 Bc5 23. Kg2 Bb6 24. a4 1/2-1/2

[Event "USCL Week 4"]
[Site "Internet Chess Club"]
[Date "2014.09.17"]
[Round "?"]
[White "Martinez, Marcel"]
[Black "Chumachenko, Andrey"]
[Result "1/2-1/2"]
[WhiteElo "2474"]
[BlackElo "2435"]
[PlyCount "69"]
[EventDate "2014.??.??"]

1. e4 c5 2. Nf3 Nc6 3. d4 cxd4 4. Nxd4 Nf6 5. Nc3 e6 6. Ndb5 Bb4 7. a3 Bxc3+ 8.
Nxc3 d5 9. Bd3 dxe4 10. Nxe4 Nxe4 11. Bxe4 Qxd1+ 12. Kxd1 e5 13. Re1 f6 14. Be3
Be6 15. Kc1 Kf7 16. b3 f5 17. Bf3 Rhd8 18. Kb2 f4 19. Bxc6 bxc6 20. Bc5 Rd5 21.
Bb4 a5 22. Bc3 Re8 23. Rxe5 Rxe5 24. Bxe5 Bxb3 25. Bxf4 Bd5 26. g3 Re2 27. Be3
Be4 28. Rc1 a4 29. Kc3 Ke6 30. h3 h5 31. Kb2 g6 32. Kc3 Bf5 33. Bd4 Kd5 34. Be3
Ke6 35. Bd4 1/2-1/2

[Event "USCL Week 4"]
[Site "Internet Chess Club"]
[Date "2014.09.17"]
[Round "?"]
[White "Bregadze, Levan"]
[Black "Studen, Damir"]
[Result "1-0"]
[WhiteElo "2530"]
[BlackElo "2372"]
[PlyCount "91"]
[EventDate "2014.??.??"]

1. d4 d5 2. c4 c6 3. Nf3 Nf6 4. e3 Bf5 5. Nc3 e6 6. Nh4 Bg4 7. Qb3 Qb6 8. h3
Bh5 9. g4 Bg6 10. Nxg6 hxg6 11. Bg2 Qb4 12. c5 Qxb3 13. axb3 Na6 14. f4 Be7 15.
Bd2 Nd7 16. g5 f5 17. h4 Nc7 18. Kf2 Kf7 19. Bf3 a6 20. Ne2 Rh7 21. Nc1 Rah8
22. Kg3 e5 23. b4 e4 24. Be2 Bd8 25. Be1 Ne6 26. Kg2 Nxg5 27. fxg5 Bxg5 28. Bf2
Bxh4 29. Rxh4 Rxh4 30. Bxh4 Rxh4 31. Nb3 Rh8 32. Na5 Rb8 33. Bxa6 bxa6 34. Nxc6
Rb5 35. Rxa6 Nb8 36. Ne5+ Ke8 37. Rxg6 Rxb4 38. Rxg7 Rxb2+ 39. Kg3 Na6 40. Ra7
Nb4 41. Rb7 f4+ 42. exf4 e3 43. Rb8+ Ke7 44. Rxb4 e2 45. Kf2 Rxb4 46. Nc6+ 1-0

[Event "USCL Week 4"]
[Site "Internet Chess Club"]
[Date "2014.09.17"]
[Round "?"]
[White "King, Alex"]
[Black "Rozman, Levy"]
[Result "1-0"]
[WhiteElo "2333"]
[BlackElo "2382"]
[PlyCount "63"]
[EventDate "2014.??.??"]

1. d4 f5 2. Nf3 Nf6 3. g3 g6 4. Bg2 Bg7 5. O-O O-O 6. c4 d6 7. Nc3 Qe8 8. d5 a5
9. Nd4 Na6 10. Re1 Bd7 11. e4 fxe4 12. Nxe4 Nxe4 13. Bxe4 Qf7 14. Be3 Nc5 15.
Bg2 Rae8 16. Qd2 b6 17. h3 Kh8 18. Rad1 e5 19. dxe6 Nxe6 20. Nxe6 Bxe6 21. b3
Qd7 22. Kh2 Bf5 23. Bd4 Qf7 24. Bd5 Qd7 25. g4 Be6 26. Bxg7+ Kxg7 27. Qd4+ Kf7
28. Rxe6 Rxe6 29. Re1 Rfe8 30. g5 Qd8 31. Qf4+ Kg7 32. Rxe6 1-0

[Event "USCL Week 4"]
[Site "Internet Chess Club"]
[Date "2014.09.17"]
[Round "?"]
[White "Volkov, Dmitriy"]
[Black "Brattain, Mika"]
[Result "1/2-1/2"]
[WhiteElo "2371"]
[BlackElo "2453"]
[PlyCount "92"]
[EventDate "2014.??.??"]

1. e4 c5 2. Nf3 d6 3. d4 cxd4 4. Nxd4 Nf6 5. Nc3 Nc6 6. Bc4 e6 7. O-O a6 8. Bb3
Qc7 9. f4 Na5 10. f5 Nxb3 11. axb3 e5 12. Nf3 b5 13. Bg5 b4 14. Nd5 Nxd5 15.
Qxd5 Bb7 16. Qd3 f6 17. Be3 Qc6 18. Nd2 Be7 19. c4 bxc3 20. bxc3 d5 21. exd5
Qxd5 22. Qxd5 Bxd5 23. Ra5 Bb7 24. Nc4 O-O-O 25. Bc5 Rhe8 26. Bxe7 Rxe7 27.
Rc5+ Rc7 28. Rxc7+ Kxc7 29. g4 Rd3 30. Rc1 Bd5 31. Rc2 Bxc4 32. bxc4 a5 33. Kf2
Kb6 34. Rb2+ Ka6 35. Rb3 Rd7 36. Ra3 Rd2+ 37. Kg3 Kb6 38. h4 h6 39. Kf3 Rd7 40.
Ke4 Kc5 41. Rxa5+ Kxc4 42. Ra3 Rb7 43. g5 hxg5 44. hxg5 fxg5 45. Ra6 Kxc3 46.
Rg6 Re7 1/2-1/2

[Event "USCL Week 4"]
[Site "Internet Chess Club"]
[Date "2014.09.17"]
[Round "?"]
[White "Perdomo, Carlos"]
[Black "Ringoir, Tanguy"]
[Result "0-1"]
[WhiteElo "2400"]
[BlackElo "2583"]
[PlyCount "50"]
[EventDate "2014.??.??"]

1. c4 f5 2. b3 e5 3. Bb2 Nc6 4. e3 Nf6 5. Nf3 e4 6. Nd4 Nxd4 7. Bxd4 g6 8. g4
fxg4 9. Nc3 Bg7 10. Bg2 O-O 11. Qc2 Qe7 12. O-O d6 13. Rac1 Bf5 14. Bxf6 Qxf6
15. Bxe4 Qh4 16. d4 Bxe4 17. Qxe4 Rf3 18. Qxb7 Raf8 19. Rc2 R8f5 20. Qxc7 Bf8
21. Ne4 Rh5 22. Rfc1 g3 23. fxg3 Qxe4 24. Re2 Rxg3+ 25. Kf2 Rxh2+ 0-1

[Event "USCL Week 4"]
[Site "Internet Chess Club"]
[Date "2014.09.17"]
[Round "?"]
[White "Smith, Shaun"]
[Black "Huang, Gary"]
[Result "0-1"]
[WhiteElo "2065"]
[BlackElo "2358"]
[PlyCount "56"]
[EventDate "2014.??.??"]

1. d4 d5 2. c4 e6 3. Nc3 Be7 4. Nf3 Nf6 5. cxd5 exd5 6. Bg5 c6 7. e3 O-O 8. Bd3
Nbd7 9. O-O Re8 10. Rc1 Nf8 11. Bxf6 Bxf6 12. b4 a6 13. a4 Be7 14. b5 axb5 15.
axb5 Bd6 16. bxc6 bxc6 17. h3 Re6 18. Re1 Rh6 19. Nb1 Bd7 20. Qc2 Qf6 21. Nbd2
Ne6 22. Ra1 Rd8 23. Ra7 Ng5 24. Ne5 Nxh3+ 25. gxh3 Bxh3 26. Nef3 Qe6 27. Nh2
Bxh2+ 28. Kxh2 Qg4 0-1

[Event "USCL Week 4"]
[Site "Internet Chess Club"]
[Date "2014.09.17"]
[Round "?"]
[White "Zheng, Andrew"]
[Black "Corallo, Michael"]
[Result "1/2-1/2"]
[WhiteElo "2208"]
[BlackElo "2284"]
[PlyCount "87"]
[EventDate "2014.??.??"]

1. e4 e5 2. Nf3 Nc6 3. Bb5 a6 4. Ba4 Nf6 5. O-O Be7 6. Re1 O-O 7. Bxc6 dxc6 8.
Nxe5 c5 9. d3 Re8 10. Nf3 Bg4 11. Bf4 c4 12. d4 Bd6 13. Bg5 h6 14. Bxf6 Qxf6
15. Nbd2 Bf8 16. c3 b5 17. h3 Bh5 18. Qc2 Rad8 19. e5 Qb6 20. Qe4 c5 21. g4 Bg6
22. Qf4 Bd3 23. Re3 g5 24. Qg3 cxd4 25. cxd4 Rxd4 26. Nxd4 Qxd4 27. Nf3 Qxb2
28. Ree1 Bb4 29. Red1 Qa3 30. Ne1 Bc3 31. Rac1 Bxe5 32. Qf3 Bf4 33. Qc6 Rxe1+
34. Rxe1 Qxc1 35. Rxc1 Bxc1 36. Qxa6 b4 37. Qc8+ Kg7 38. Qc5 Ba3 39. Qd4+ Kh7
40. Qd5 Kg8 41. Qd8+ Kg7 42. Qd4+ Kg6 43. Qd6+ Kg7 44. Qd4+ 1/2-1/2

[Event "USCL Week 4"]
[Site "Internet Chess Club"]
[Date "2014.09.17"]
[Round "?"]
[White "Yip, Carissa"]
[Black "Jacobson, Aaron"]
[Result "0-1"]
[WhiteElo "2141"]
[BlackElo "2139"]
[PlyCount "78"]
[EventDate "2014.??.??"]

1. e4 c6 2. d4 d5 3. Nc3 dxe4 4. Nxe4 Bf5 5. Ng3 Bg6 6. Nf3 Nd7 7. h4 h6 8. h5
Bh7 9. Bd3 Bxd3 10. Qxd3 e6 11. c3 Ngf6 12. Bd2 Be7 13. O-O-O O-O 14. Ne4 Nxe4
15. Qxe4 Nf6 16. Qe2 Qd5 17. c4 Qe4 18. Be3 Ng4 19. Nd2 Qf5 20. Rh3 Nxe3 21.
fxe3 Rad8 22. g4 Qa5 23. Kb1 f5 24. Nb3 Qc7 25. Rg1 a5 26. gxf5 exf5 27. Rhg3
Bf6 28. Nc5 Rfe8 29. Rg6 Qe7 30. Qf3 Kh8 31. R1g3 Rxd4 32. Rxf6 gxf6 33. Qxf5
Rd2 34. Qg6 Qh7 35. Kc1 Qxg6 36. Rxg6 Rh2 37. Rxh6+ Kg7 38. Rg6+ Kf7 39. e4
Rxh5 0-1

[Event "USCL Week 4"]
[Site "Internet Chess Club"]
[Date "2014.09.17"]
[Round "?"]
[White "Vigorito, David"]
[Black "Benjamin, Joel"]
[Result "1-0"]
[WhiteElo "2519"]
[BlackElo "2634"]
[PlyCount "69"]
[EventDate "2014.??.??"]

1. Nf3 Nf6 2. c4 Nc6 3. d4 e6 4. a3 d6 5. Nc3 g6 6. g3 Bg7 7. Bg2 O-O 8. O-O
Re8 9. h3 a6 10. e4 Rb8 11. Be3 b5 12. cxb5 axb5 13. b4 Ba6 14. Re1 Nd7 15. Bf1
Na7 16. Qc2 Qc8 17. Nd2 Nb6 18. Rab1 Qd7 19. h4 f5 20. Bg2 Nc6 21. exf5 exf5
22. Nd5 Bb7 23. Nxb6 cxb6 24. Qd3 Ne7 25. d5 Rbc8 26. Rbc1 Kf7 27. Nf3 h6 28.
Nd4 Nxd5 29. Rxc8 Rxc8 30. Nxb5 Nxe3 31. Nxd6+ Kg8 32. Bxb7 Rc3 33. Qd2 Rc2 34.
Qxe3 Qxd6 35. Qb3+ 1-0